000
00339nam a2200145Ia 4500
008
150201s2014 xx 000 0 und d
082
_a
618.92
_b
W14M
100
_a
MHESKE, SUMIT NATHA
245
_a
WORLD PAEDIATRICS
250
_a
2014
260
_b
PARAS PUB.
_a
DELHI
_c
2014
300
_a
1-401
650
_a
PADIATRICS
942
_2
ddc
_c
BK
999
_c
1832
_d
1832